| 000 | 01513nam0a2200349 4500 | ||
|---|---|---|---|
| 001 | RU\NLR\BIBL_A\022742349 | ||
| 005 | 20260503064423.0 | ||
| 010 |
_a978-5-908085-03-8 _93000 |
||
| 021 |
_aRU _bКН-П-26-001131 _9КН-П-26-0112 |
||
| 035 | _a(NLR Aleph) 022742349 | ||
| 090 |
_a13699921 _c13699921 |
||
| 100 | _a20260303d2026 d y0rusy50 ca | ||
| 101 | 1 |
_arus _cdan |
|
| 102 | _aRU | ||
| 105 | _aa z 000ay | ||
| 181 | 0 |
_ai3 _baxxe |
|
| 181 | 0 |
_ab2 _bxb2e |
|
| 182 | 0 | _an | |
| 200 | 1 |
_aСнежная королева _e[сказка _eдля среднего школьного возраста] _fХанс Кристиан Андерсен _g[перевод с датского А. В. и П. Г. Ганзен] _gхудожник: Борис Диодоров |
|
| 203 |
_aТекст _aИзображение _bвизуальные _cнепосредственные |
||
| 210 |
_aМосква _cАкадемия детской книги _d2026 (печ. 2025) |
||
| 215 |
_a67, [4] с. _cцв. ил. _d30 |
||
| 225 | 1 | _aСерия "Академия детской иллюстрации" | |
| 333 | _a6+ | ||
| 686 | 0 | _aШ9(4Д)62-4 | |
| 700 | 1 |
_7ca _8rus _aАндерсен _bХ. К. _f1805-1875 _gХанс Кристиан _9112181 _3RU\NLR\AUTH\772165 |
|
| 702 | 1 |
_4440 _7ca _8rus _aДиодоров _bБ. А. _f1934- _gБорис Аркадьевич _939503 _3RU\NLR\AUTH\7756571 |
|
| 942 | _cBOOK | ||
| 980 | _aNB | ||